[Event "Santa Maria Espiritossantense"]
[Site "Santa Maria de Jetiba"]
[Date "2009.10.10"]
[Round "3.5"]
[White "De Paula, Anderson Januario"]
[Black "Lagass, Odair"]
[Result "1-0"]
[WhiteElo "1815"]
[BlackElo "1912"]
[PlyCount "63"]
[EventDate "2009.10.09"]
[EventType "swiss"]
[EventRounds "6"]
[EventCountry "BRA"]
[SourceTitle "EXT 2022"]
[Source "ChessBase"]
[SourceDate "2021.10.06"]
[SourceVersion "1"]
[SourceVersionDate "2021.10.06"]
[SourceQuality "1"]

1. e4 c5 2. Nf3 Nc6 3. Nc3 d6 4. Bc4 Bg4 5. d3 Ne5 6. Bb5+ Nd7 7. h3 Bh5 8. 0-0 a6 9. Bxd7+ Qxd7 10. Nd5 Qd8 11. Nf4 Bxf3 12. Qxf3 g6 13. c4 Bg7 14. Rb1 Nf6 15. b4 b6 16. bxc5 bxc5 17. Nd5 0-0 18. Bg5 Nxd5 19. exd5 Qa5 20. Bxe7 Rfb8 21. Bxd6 Rxb1 22. Rxb1 Qxa2 23. Re1 Qd2 24. Re7 f5 25. Bxc5 Bf6 26. Be3 Qxd3 27. d6 Rb8 28. Re6 Qc3 29. d7 Kf7 30. Qd5 Be7 31. Rxa6+ Kg7 32. Bd4+ 1-0